000 00404nam a22001697a 4500
005 20180417120326.0
008 160526b xxu||||| |||| 00| 0 eng d
020 _a81-85989-96-2
041 _aeng
082 _b5083
_a346.07
100 _aBangia, R.K.
_9533
245 _aIndian Contract Act.
260 _aNew Delhi
_bAcademic Faundation
300 _a524
650 _aManagement
_9241
942 _cBK
999 _c1779
_d1778